000 00308nam a2200133Ia 4500
005 20251222175919.0
008 251222s9999||||xx |||||||||||||| ||spa||
082 _a657/Z55/2013
100 _aZeballos Zeballos, Erly
245 0 _aContabilidad General
250 _a10a.ed.
264 _bJuve
942 _cLIB
999 _c40594
_d40594